Obscure DC Superheroes - Statistics

General Stats
  • This quiz has been taken 592 times
  • The average score is 9 of 21
Answer Stats
Hint Answer % Correct
Whirling scarlet android of the Justice League Red Tornado
75%
naicigaM elameF Zatanna
74%
Millionaire who takes the persona of a sapphire scarab Blue Beetle
70%
She has ice powers which pretty much gives you the answer Ice
69%
Museum watchman from the future who joins the Justice League Booster Gold
63%
Teen Titan and Deathstroke's son. Also a walled city in the Bible Jericho
62%
"It's Alive! It's Alive!" Frankenstein
59%
Hal Jordan's girlfriend and leader of the Star Sapphires Carol Ferris
50%
Teen Titan who gets arm ripped off by Superboy Prime. Answer at your own.... Risk
48%
Powers Activate! Form of a pterodactyl! Form of a puddle! WonderTwins
48%
Born on Apokalips but became a "Houdini" type hero Mister Miracle
43%
Leader of the Blue Lantern Corps Saint Walker
42%
A golden metal Doom Patrol staple who is actually a cyborg Robotman
40%
Jet pack wearing, lazer shooting, zeta beam absorbing space hero Adam Strange
38%
Rides a winged horse and one of the Seven Soldiers of Victory Shining Knight
29%
Native American who could grow to giant proportions on Super Friends Apache Chief
24%
Leader of the Indigo Tribe of Lanterns Indigo 1
23%
Neurotic shapeshifter who prefers the other over paper Plastic Man
20%
An angel that joined the Justice League Zauriel
15%
African amercan sorceror and one of Martian Manhunter's personas Bloodwynd
9%
Obscure wasp-like Green Lantern who accompanies Mogo the planet BZZD
3%
No matching quizzes found
Score Distribution
Percent of People with Each Score
Percentile by Number Answered
Your Score History
You have not taken this quiz